000 00496nmm a2200157Ia 4500
008 251105s9999||||xx |||||||||||||||||und||
041 _aspa
100 _aOrnelas, Carlos
245 0 _aEl sistema educativo mexicano :
_b La transición de fin de siglo
264 _a[México D.C., Mexico] :
_bFondo de Cultura Económica,
_c2016
300 _a359 páginas
490 _aEducación y Pedagogía
650 _aEducation
856 _uhttps://public.digitaliapublishing.com/a/64389
942 _cCF
999 _c99120
_d99120